[Event "Asian Academies Hybrid Chess-ch 2021"]
[Site "Tornelo"]
[Date "2021.11.21"]
[Round "7.2"]
[White "Indrajith, J A K N T"]
[Black "Mohammadi, Maryam"]
[Result "0-1"]
[WhiteElo "1359"]
[BlackElo "1163"]
[Annotator "NA RC"]
[PlyCount "102"]
[EventDate "2021.11.21"]
[EventCountry "NET"]
[SourceTitle "playchess.com"]
[Source "ChessBase"]
[SourceQuality "1"]
[TimeControl "3600+30"]

1. d4 {[%emt 0:07:32]} d5 {[%emt 0:01:15]} 2. e3 {[%emt 0:00:02]} Nf6 {[%emt 0:00:48]} 3. Nf3 {[%emt 0:00:04]} e6 {[%emt 0:00:55]} 4. Bd3 {[%emt 0:00:03]} c5 {[%emt 0:00:40]} 5. c3 {[%emt 0:00:04]} Bd6 {[%emt 0:00:44]} 6. Nbd2 {[%emt 0:00:04]} Nc6 {[%emt 0:00:41]} 7. O-O {[%emt 0:00:13]} O-O {[%emt 0:01:47]} 8. Qe2 {[%emt 0:00:14]} c4 {[%emt 0:02:09]} 9. Bc2 {[%emt 0:00:05]} Be7 {[%emt 0:01:16]} 10. e4 {[%emt 0:00:04]} Ng4 {[%emt 0:01:32]} 11. h3 {[%emt 0:00:08]} Nf6 {[%emt 0:01:07]} 12. Re1 {[%emt 0:00:09]} Qc7 {[%emt 0:08:06]} 13. e5 {[%emt 0:00:26]} Nd7 {[%emt 0:00:37]} 14. Nf1 {[%emt 0:00:15]} b5 {[%emt 0:00:57]} 15. Bg5 {[%emt 0:00:39]} f5 {[%emt 0:02:16]} 16. exf6 {[%emt 0:00:14]} Nxf6 {[%emt 0:01:47]} 17. Bxf6 {[%emt 0:00:06]} Bxf6 {[%emt 0:00:46]} 18. Ng3 {[%emt 0:00:09]} a5 {[%emt 0:00:31]} 19. Nh5 {[%emt 0:00:11]} Bd8 {[%emt 0:00:54]} 20. Qe3 {[%emt 0:01:44]} g6 {[%emt 0:01:08]} 21. Ng3 {[%emt 0:00:17]} Qf4 {[%emt 0:01:16]} 22. Qxf4 {[%emt 0:06:06]} Rxf4 {[%emt 0:00:17]} 23. Re2 {[%emt 0:00:09]} Bc7 {[%emt 0:00:57]} 24. Rae1 {[%emt 0:00:21]} Bd7 {[%emt 0:00:05]} 25. Ng5 {[%emt 0:00:16]} Nd8 {[%emt 0:00:42]} 26. Nf1 {[%emt 0:02:09]} Kg7 {[%emt 0:00:24]} 27. Ne3 {[%emt 0:00:52]} Nf7 {[%emt 0:00:43]} 28. g3 {[%emt 0:00:41]} Nxg5 {[%emt 0:00:32]} 29. gxf4 {[%emt 0:00:07]} Nf3+ {[%emt 0:00:08]} 30. Kg2 {[%emt 0:00:39]} Nxe1+ {[%emt 0:00:06]} 31. Rxe1 {[%emt 0:00:11]} Bxf4 {[%emt 0:00:05]} 32. Nxd5 {[%emt 0:00:15]} Bc6 {[%emt 0:00:55]} 33. Be4 {[%emt 0:01:55]} Bxd5 {[%emt 0:00:14]} 34. Bxd5 {[%emt 0:00:09]} exd5 {[%emt 0:00:04]} 35. Kf3 {[%emt 0:00:13]} Rf8 {[%emt 0:00:19]} 36. Kg2 {[%emt 0:00:21]} Bd6 {[%emt 0:00:25]} 37. Re6 {[%emt 0:00:11]} Rf6 {[%emt 0:00:10]} 38. Re8 {[%emt 0:00:09]} b4 {[%emt 0:00:14]} 39. Ra8 {[%emt 0:00:17]} bxc3 {[%emt 0:00:18]} 40. bxc3 {[%emt 0:00:09]} Bf4 {[%emt 0:00:20]} 41. Rxa5 {[%emt 0:00:09]} Rf5 {[%emt 0:00:37]} 42. Ra8 {[%emt 0:00:39]} Bd2 {[%emt 0:00:11]} 43. Ra3 {[%emt 0:00:18]} Bc1 {[%emt 0:00:46]} 44. Ra7+ {[%emt 0:00:14]} Kh6 {[%emt 0:00:31]} 45. a4 {[%emt 0:07:58]} Bb2 {[%emt 0:02:41]} 46. f3 {[%emt 0:01:12]} Bxc3 {[%emt 0:01:55]} 47. a5 {[%emt 0:00:09]} Rg5+ {[%emt 0:00:29]} 48. Kf1 {[%emt 0:00:16]} Bxd4 {[%emt 0:00:22]} 49. Rd7 {[%emt 0:00:33]} c3 {[%emt 0:01:13]} 50. Ke2 {[%emt 0:00:26]} Rg2+ {[%emt 0:00:34]} 51. Kd3 {[%emt 0:00:09]} Rd2# {[%emt 0:00:16]} 0-1

[Event "Asian Academies Hybrid Chess-ch 2021"]
[Site "Tornelo"]
[Date "2021.11.21"]
[Round "7.4"]
[White "Khaled waleed Abdullah"]
[Black "Zaeef Maheen, Chowdhury"]
[Result "1-0"]
[WhiteElo "1568"]
[BlackElo "1417"]
[Annotator "NA RC"]
[PlyCount "49"]
[EventDate "2021.11.21"]
[EventCountry "NET"]
[SourceTitle "playchess.com"]
[Source "ChessBase"]
[SourceQuality "1"]
[TimeControl "3600+30"]

1. e4 {[%emt 0:00:30]} c5 {[%emt 0:00:33]} 2. Nf3 {[%emt 0:00:07]} Nc6 {[%emt 0:00:08]} 3. d4 {[%emt 0:00:13]} cxd4 {[%emt 0:00:11]} 4. Nxd4 {[%emt 0:00:02]} Nf6 {[%emt 0:00:03]} 5. Nc3 {[%emt 0:00:04]} e5 {[%emt 0:00:04]} 6. Ndb5 {[%emt 0:00:04]} d6 {[%emt 0:00:02]} 7. Bg5 {[%emt 0:00:07]} a6 {[%emt 0:00:02]} 8. Na3 {[%emt 0:00:02]} b5 {[%emt 0:00:04]} 9. Nd5 {[%emt 0:00:02]} Be7 {[%emt 0:00:03]} 10. Bxf6 {[%emt 0:00:04]} Bxf6 {[%emt 0:00:04]} 11. c3 {[%emt 0:00:03]} Be6 {[%emt 0:00:43]} 12. Nc2 {[%emt 0:03:23]} Bg5 {[%emt 0:08:46]} 13. a4 {[%emt 0:00:53]} Rb8 {[%emt 0:05:37]} 14. axb5 {[%emt 0:02:59]} axb5 {[%emt 0:03:19]} 15. Be2 {[%emt 0:04:18]} O-O {[%emt 0:00:57]} 16. O-O {[%emt 0:00:42]} Na5 {[%emt 0:02:25]} 17. Ncb4 {[%emt 0:02:16]} Bxd5 {[%emt 0:02:37]} 18. Qxd5 {[%emt 0:01:40]} Rc8 {[%emt 0:05:03]} 19. Rfd1 {[%emt 0:07:10]} Nc4 {[%emt 0:03:03]} 20. Qxb5 {[%emt 0:13:51]} Nxb2 {[%emt 0:00:44]} 21. Rdb1 {[%emt 0:00:23]} Rc5 {[%emt 0:02:42]} 22. Qa6 {[%emt 0:00:37]} Bd2 {[%emt 0:02:20]} 23. Nd5 {[%emt 0:05:16]} Qb8 {[%emt 0:03:34]} 24. Qa2 {[%emt 0:02:26]} Rxd5 {[%emt 0:01:18]} 25. Rxb2 {[%emt 0:00:38]} 1-0

[Event "Asian Academies Hybrid Chess-ch 2021"]
[Site "Tornelo"]
[Date "2021.11.21"]
[Round "7.4"]
[White "Kazi Afsan Rawnak, Anan"]
[Black "Husam Al-Dain Abdulhakim Nashe"]
[Result "1-0"]
[WhiteElo "1410"]
[BlackElo "1342"]
[Annotator "NA RC"]
[PlyCount "57"]
[EventDate "2021.11.21"]
[EventCountry "NET"]
[SourceTitle "playchess.com"]
[Source "ChessBase"]
[SourceQuality "1"]
[TimeControl "3600+30"]

1. e4 {[%emt 0:00:30]} d5 {[%emt 0:01:53]} 2. exd5 {[%emt 0:00:27]} Qxd5 {[%emt 0:00:09]} 3. Nc3 {[%emt 0:00:14]} Qa5 {[%emt 0:00:15]} 4. d4 {[%emt 0:00:13]} c6 {[%emt 0:00:56]} 5. Bd2 {[%emt 0:00:10]} Qc7 {[%emt 0:00:22]} 6. Bd3 {[%emt 0:01:04]} Nf6 {[%emt 0:02:35]} 7. Nf3 {[%emt 0:01:17]} Bg4 {[%emt 0:02:01]} 8. h3 {[%emt 0:01:48]} Bh5 {[%emt 0:00:15]} 9. Qe2 {[%emt 0:01:22]} e6 {[%emt 0:03:49]} 10. g4 {[%emt 0:04:03]} Bg6 {[%emt 0:00:27]} 11. Ne5 {[%emt 0:01:31]} Bxd3 {[%emt 0:01:52]} 12. Qxd3 {[%emt 0:01:16]} Nbd7 {[%emt 0:02:28]} 13. f4 {[%emt 0:05:56]} Bd6 {[%emt 0:10:03]} 14. Ne4 {[%emt 0:05:34]} Nxe4 {[%emt 0:02:41]} 15. Qxe4 {[%emt 0:01:00]} Nf6 {[%emt 0:00:26]} 16. Qd3 {[%emt 0:06:39]} O-O-O {[%emt 0:02:54]} 17. O-O-O {[%emt 0:06:37]} Nd5 {[%emt 0:05:08]} 18. c4 {[%emt 0:05:15]} Nb4 {[%emt 0:08:42]} 19. Qb3 {[%emt 0:06:16]} Na6 {[%emt 0:00:35]} 20. Be3 {[%emt 0:00:55]} Rhe8 {[%emt 0:04:05]} 21. c5 {[%emt 0:00:49]} Bxe5 {[%emt 0:01:18]} 22. fxe5 {[%emt 0:01:13]} Qe7 {[%emt 0:01:18]} 23. g5 {[%emt 0:03:17]} Nc7 {[%emt 0:01:32]} 24. Rhf1 {[%emt 0:00:49]} Rf8 {[%emt 0:01:06]} 25. Rd2 {[%emt 0:04:23]} Nd5 {[%emt 0:01:38]} 26. Rdf2 {[%emt 0:00:34]} Qe8 {[%emt 0:00:11]} 27. h4 {[%emt 0:00:46]} Ne7 {[%emt 0:00:30]} 28. Rxf7 {[%emt 0:02:56]} Ng6 {[%emt 0:03:10]} 29. Qxb7# {[%emt 0:00:05]} 1-0